[Event "SRB-chT2 West"]
[Site "Kragujevac"]
[Date "2017.09.09"]
[Round "2"]
[White "Dolovic, Dusko"]
[Black "Djokovic, Ivan"]
[Result "1-0"]
[WhiteElo "2239"]
[BlackElo "2070"]
[PlyCount "71"]
[EventDate "2017.09.08"]
[EventType "team-tourn"]
[EventRounds "11"]
[EventCountry "SRB"]
[SourceTitle "EXT 2022"]
[Source "ChessBase"]
[SourceDate "2021.10.06"]
[SourceVersion "1"]
[SourceVersionDate "2021.10.06"]
[SourceQuality "1"]

1. d4 d5 2. g3 Nf6 3. Bg2 e6 4. Nf3 c5 5. c4 Nc6 6. cxd5 exd5 7. 0-0 Qb6 8. dxc5 Bxc5 9. Nc3 Qd8 10. Bg5 Be7 11. Bxf6 Bxf6 12. Qxd5 Bxc3 13. Qxd8+ Kxd8 14. bxc3 f6 15. Nd4 Bd7 16. Rfd1 Kc8 17. Rab1 a6 18. Bxc6 bxc6 19. Rb6 Kc7 20. Rdb1 Rab8 21. Rxb8 Rxb8 22. Rxb8 Kxb8 23. e4 Kc7 24. Kf1 Kb6 25. Ke2 c5 26. Nf5 g6 27. Ne3 Kc6 28. c4 Be6 29. Kd3 Kd6 30. h4 h5 31. f4 f5 32. e5+ Kc6 33. Kc3 Bf7 34. Kb3 Be8 35. Nd5 Kb7 36. e6 1-0

[Event "Veliko Gradiste Silver Lake op-A"]
[Site "Veliko Gradiste"]
[Date "2015.06.28"]
[Round "9"]
[White "Ivanov, Jordan"]
[Black "Dolovic, Dusko"]
[Result "1/2-1/2"]
[WhiteElo "2363"]
[BlackElo "2176"]
[PlyCount "40"]
[EventDate "2015.06.20"]
[EventType "swiss"]
[EventRounds "9"]
[EventCountry "SRB"]
[SourceTitle "CBM 167 Extra"]
[Source "ChessBase"]
[SourceDate "2015.09.14"]
[SourceVersion "1"]
[SourceVersionDate "2015.09.14"]
[SourceQuality "1"]

1. d4 Nf6 2. c4 e6 3. Nc3 d5 4. cxd5 exd5 5. Bg5 Be7 6. e3 c6 7. Bd3 0-0 8. Qc2 Nbd7 9. Nf3 Re8 10. h3 Ne4 11. Bf4 Ndf6 12. 0-0 Nd6 13. Ne5 g6 14. g4 Bf8 15. Rad1 Nfe4 16. f3 Ng5 17. Bxg5 Qxg5 18. f4 Qh6 19. Kf2 Be7 20. Kg2 Qg7 1/2-1/2

[Event "Veliko Gradiste Silver Lake op-A"]
[Site "Veliko Gradiste"]
[Date "2015.06.26"]
[Round "7"]
[White "Jevtic, Miroljub L"]
[Black "Dolovic, Dusko"]
[Result "0-1"]
[WhiteElo "2060"]
[BlackElo "2176"]
[PlyCount "100"]
[EventDate "2015.06.20"]
[EventType "swiss"]
[EventRounds "9"]
[EventCountry "SRB"]
[SourceTitle "CBM 167 Extra"]
[Source "ChessBase"]
[SourceDate "2015.09.14"]
[SourceVersion "1"]
[SourceVersionDate "2015.09.14"]
[SourceQuality "1"]

1. d4 Nf6 2. Nf3 b6 3. Bf4 Bb7 4. e3 d6 5. Nbd2 g6 6. c3 Bg7 7. h3 0-0 8. Qc2 Nbd7 9. Bb5 c5 10. 0-0 a6 11. Bxd7 Nxd7 12. Bg5 Rc8 13. Qd3 Nb8 14. d5 Qc7 15. e4 h6 16. Bf4 Nd7 17. Rfe1 Rcd8 18. h4 Bc8 19. Nc4 f6 20. e5 fxe5 21. Bxh6 Rxf3 22. gxf3 Bxh6 23. Qxg6+ Bg7 24. h5 Nf8 25. Qg3 Kh8 26. h6 Bf6 27. Kh2 Nh7 28. Rg1 Bg5 29. Kh1 Rf8 30. Ne3 Qd7 31. c4 Qe8 32. Kg2 Qf7 33. Ng4 e4 34. fxe4 Bxg4 35. Qxg4 Qxf2+ 36. Kh1 Rf4 37. Rg2 Qe3 38. Qc8+ Nf8 39. Rag1 Rh4+ 40. Rh2 Qxe4+ 41. Rgg2 Rxh2+ 42. Kxh2 Bf4+ 43. Kh3 Qf3+ 44. Kh4 Be5 45. Qg4 Qf6+ 46. Qg5 Ng6+ 47. Kg4 Qf1 48. Qd2 Nf4 49. Rg3 Nh5 50. Qg2 Nxg3 0-1

[Event "Veliko Gradiste Silver Lake op-A"]
[Site "Veliko Gradiste"]
[Date "2015.06.25"]
[Round "6"]
[White "Dolovic, Dusko"]
[Black "Saric, Sinisa"]
[Result "0-1"]
[WhiteElo "2176"]
[BlackElo "2432"]
[PlyCount "98"]
[EventDate "2015.06.20"]
[EventType "swiss"]
[EventRounds "9"]
[EventCountry "SRB"]
[SourceTitle "CBM 167 Extra"]
[Source "ChessBase"]
[SourceDate "2015.09.14"]
[SourceVersion "1"]
[SourceVersionDate "2015.09.14"]
[SourceQuality "1"]

1. Nf3 Nf6 2. g3 g6 3. b3 Bg7 4. Bb2 0-0 5. Bg2 c5 6. c4 Nc6 7. 0-0 d6 8. Nc3 e5 9. d3 h6 10. Ne1 Be6 11. Nd5 Nh5 12. Nc2 f5 13. e3 Qd7 14. b4 Rae8 15. b5 Ne7 16. a4 f4 17. exf4 exf4 18. Bxg7 Kxg7 19. Nxe7 Rxe7 20. Re1 Ref7 21. Rxe6 Qxe6 22. Bd5 Qe5 23. Bxf7 Rxf7 24. Qd2 Qg5 25. Qe2 fxg3 26. fxg3 Nf4 27. Qe3 Nh3+ 28. Kh1 Rf2 29. Qxg5 Nxg5 30. Ne1 Rd2 31. a5 Nf7 32. Kg1 Ne5 33. a6 b6 34. h3 h5 35. Rc1 g5 36. Kf1 Nxd3 37. Nxd3 Rxd3 38. Kg2 Kf6 39. Rf1+ Ke5 40. Rf7 Kd4 41. Rxa7 Kxc4 42. Rg7 Kxb5 43. Rxg5 Kxa6 44. Rxh5 c4 45. Rf5 c3 46. Rf1 b5 47. h4 b4 48. h5 c2 49. h6 Rd2+ 0-1

[Event "SRB-CupT Central"]
[Site "Serbia"]
[Date "2013.04.27"]
[Round "7.7"]
[White "Dolovic, Dusko"]
[Black "Vukovic, Milutin"]
[Result "1-0"]
[WhiteElo "2171"]
[BlackElo "1938"]
[PlyCount "120"]
[EventDate "2013.03.24"]
[EventType "team-tourn"]
[EventRounds "8"]
[EventCountry "SRB"]
[SourceTitle "EXT 2018"]
[Source "ChessBase"]
[SourceDate "2017.10.13"]
[SourceVersion "1"]
[SourceVersionDate "2017.10.13"]
[SourceQuality "1"]

1. d4 g6 2. Nf3 Nf6 3. c4 Bg7 4. Nc3 d5 5. e3 0-0 6. Be2 Bg4 7. Qb3 dxc4 8. Qxb7 Nbd7 9. Qa6 Nb6 10. h3 Bc8 11. Qa5 Bb7 12. 0-0 Nfd5 13. Bd2 e6 14. Rfd1 Re8 15. Rac1 Bf8 16. Na4 Nxa4 17. Qxa4 Nb6 18. Qc2 Ba6 19. Ne5 Qg5 20. Nxc4 Nxc4 21. Bxc4 Bb7 22. Bf1 Rec8 23. b4 Qd5 24. Qc4 Qh5 25. Qb5 Bd5 26. Qa5 Bd6 27. Bc4 Qf5 28. Bxd5 exd5 29. b5 Rcb8 30. a4 Rb6 31. Bb4 Qd7 32. Bxd6 Qxd6 33. Qc3 a6 34. Qxc7 Qxc7 35. Rxc7 axb5 36. axb5 Rxb5 37. Rdc1 Rd8 38. Ra7 Rb6 39. Rcc7 Rf6 40. Rd7 Rb8 41. Ra2 Rb5 42. g3 Kf8 43. Kg2 Ke8 44. Rc7 Kf8 45. g4 g5 46. Kg3 h6 47. Rc8+ Kg7 48. Rc5 Rxc5 49. dxc5 Rc6 50. Rc2 Kf6 51. f4 Ke6 52. Kf3 f6 53. Ke2 f5 54. Kd3 fxg4 55. hxg4 Rc8 56. Kd4 Rc6 57. f5+ Ke7 58. Kxd5 Kd7 59. Ra2 Rf6 60. e4 Rf8 1-0

[Event "SRB-chT2 West CS"]
[Site "Serbia"]
[Date "2011.10.14"]
[Round "7.1"]
[White "Dolovic, Dusko"]
[Black "Brkljaca, Ante"]
[Result "1/2-1/2"]
[WhiteElo "2185"]
[BlackElo "2319"]
[PlyCount "29"]
[EventDate "2011.09.11"]
[EventType "team"]
[EventRounds "11"]
[EventCountry "SRB"]
[SourceTitle "EXT 2015"]
[Source "ChessBase"]
[SourceDate "2014.11.20"]
[SourceVersion "1"]
[SourceVersionDate "2014.11.20"]
[SourceQuality "1"]

1. d4 Nf6 2. Nf3 e6 3. Bg5 c5 4. Bxf6 Qxf6 5. e4 cxd4 6. Qxd4 Qxd4 7. Nxd4 a6 8. g3 Nc6 9. c3 Bc5 10. Nc2 h5 11. h4 b5 12. Nd2 Bb7 13. Bg2 Ne5 14. Ke2 f5 15. Ne3 1/2-1/2

[Event "Valjevo op"]
[Site "Valjevo"]
[Date "2010.11.09"]
[Round "2"]
[White "Sorgic, Dragan"]
[Black "Dolovic, Dusko"]
[Result "1-0"]
[WhiteElo "2308"]
[BlackElo "2228"]
[PlyCount "81"]
[EventDate "2010.11.08"]
[EventType "swiss"]
[EventRounds "9"]
[EventCountry "YUG"]
[SourceTitle "EXT 2011"]
[Source "ChessBase"]
[SourceDate "2010.11.26"]
[SourceVersion "1"]
[SourceVersionDate "2010.11.26"]
[SourceQuality "1"]

1. e4 c5 2. Nf3 e6 3. d4 cxd4 4. Nxd4 a6 5. c4 d6 6. Nc3 Nf6 7. Be2 Nc6 8. Be3 Be7 9. 0-0 0-0 10. f3 d5 11. cxd5 exd5 12. Nxc6 bxc6 13. exd5 cxd5 14. Bd4 Be6 15. Qd2 Qa5 16. a3 Bc5 17. b4 Bxd4+ 18. Qxd4 Qc7 19. Rac1 Qa7 20. Qxa7 Rxa7 21. Na4 Bd7 22. Nc5 Bb5 23. Rfe1 Rb8 24. Nb3 g6 25. Nd4 Nd7 26. Bxb5 Rxb5 27. Nxb5 axb5 28. Red1 Nf6 29. Rd3 Rb7 30. Kf2 Kf8 31. Rc6 Kg7 32. g4 g5 33. Ke3 h6 34. Kd4 Rb8 35. Re3 Rb7 36. Rec3 Rb8 37. Rc8 Rb7 38. R3c7 Rb6 39. Ra8 h5 40. h3 hxg4 41. hxg4 1-0

[Event "Valjevo op"]
[Site "Valjevo"]
[Date "2010.11.08"]
[Round "1"]
[White "Dolovic, Dusko"]
[Black "Mesterovic, Ljubisa J"]
[Result "1/2-1/2"]
[WhiteElo "2228"]
[BlackElo "1798"]
[PlyCount "47"]
[EventDate "2010.11.08"]
[EventType "swiss"]
[EventRounds "9"]
[EventCountry "YUG"]
[SourceTitle "EXT 2011"]
[Source "ChessBase"]
[SourceDate "2010.11.26"]
[SourceVersion "1"]
[SourceVersionDate "2010.11.26"]
[SourceQuality "1"]

1. d4 d5 2. Nf3 Nf6 3. c4 e6 4. Nc3 Be7 5. Qc2 c6 6. e3 Nbd7 7. Be2 b6 8. Qa4 Bb7 9. cxd5 exd5 10. 0-0 0-0 11. Rd1 Qe8 12. Bd2 Bd6 13. Ba6 Bxa6 14. Qxa6 Ne4 15. Rac1 Qe6 16. Ne2 Nxd2 17. Rxd2 Rfc8 18. Qb7 Rab8 19. Qxa7 Ra8 20. Qb7 b5 21. Ng5 Qe7 22. Nf3 Rab8 23. Qa6 Ra8 24. Qb7 1/2-1/2

[Event "SRB-chT2 West"]
[Site "Valjevo"]
[Date "2010.09.12"]
[Round "1"]
[White "Jovanovic, Nenad"]
[Black "Dolovic, Dusko"]
[Result "1-0"]
[WhiteElo "2357"]
[BlackElo "2222"]
[PlyCount "82"]
[EventDate "2010.09.12"]
[EventType "team-tourn"]
[EventRounds "9"]
[EventCountry "YUG"]
[SourceTitle "EXT 2011"]
[Source "ChessBase"]
[SourceDate "2010.11.26"]
[SourceVersion "1"]
[SourceVersionDate "2010.11.26"]
[SourceQuality "1"]

1. Nf3 Nf6 2. b3 d6 3. d4 Bg4 4. Bb2 Bxf3 5. exf3 g6 6. g3 Bg7 7. f4 Nbd7 8. Bg2 c6 9. 0-0 0-0 10. c4 Qc7 11. Re1 Rfe8 12. Nc3 Rad8 13. d5 e6 14. Qd2 exd5 15. cxd5 c5 16. Re3 Qb8 17. Rae1 a6 18. a4 Ng4 19. Re7 Bf6 20. Rxe8+ Rxe8 21. Bh3 h5 22. Kg2 Bd4 23. Re4 f5 24. Bxg4 hxg4 25. Rxd4 cxd4 26. Qxd4 Kf7 27. Nb1 Rg8 28. Nd2 b5 29. a5 Qc7 30. b4 Qb8 31. h3 gxh3+ 32. Kxh3 g5 33. Kg2 g4 34. Qd3 Kg6 35. f3 Nf6 36. Bxf6 Kxf6 37. fxg4 Rxg4 38. Qc3+ Kf7 39. Nf3 Qe8 40. Ng5+ Kg6 41. Ne6 Qf7 1-0

[Event "SRB Central-ch"]
[Site "Vrnjacka Banja"]
[Date "2008.11.13"]
[Round "8"]
[White "Dolovic, Dusko"]
[Black "Pavicevic, Jovan"]
[Result "1/2-1/2"]
[WhiteElo "2199"]
[BlackElo "2093"]
[PlyCount "21"]
[EventDate "2008.11.08"]
[EventType "swiss"]
[EventRounds "9"]
[EventCountry "YUG"]
[SourceTitle "EXT 2010"]
[Source "ChessBase"]
[SourceDate "2010.11.25"]
[SourceVersion "1"]
[SourceVersionDate "2010.11.25"]
[SourceQuality "1"]

1. Nf3 g6 2. d4 Bg7 3. g3 Nf6 4. Bg2 0-0 5. 0-0 d5 6. c4 e6 7. Nc3 Nbd7 8. cxd5 exd5 9. Ne5 c6 10. Bf4 Nxe5 11. Bxe5 1/2-1/2

[Event "SRB Central-ch"]
[Site "Vrnjacka Banja"]
[Date "2008.11.12"]
[Round "7"]
[White "Jelisavcic, Srdjan"]
[Black "Dolovic, Dusko"]
[Result "1/2-1/2"]
[WhiteElo "2117"]
[BlackElo "2199"]
[PlyCount "20"]
[EventDate "2008.11.08"]
[EventType "swiss"]
[EventRounds "9"]
[EventCountry "YUG"]
[SourceTitle "EXT 2010"]
[Source "ChessBase"]
[SourceDate "2010.11.25"]
[SourceVersion "1"]
[SourceVersionDate "2010.11.25"]
[SourceQuality "1"]

1. e4 g6 2. d4 Bg7 3. Nc3 d6 4. Be3 Nf6 5. f3 0-0 6. Qd2 c6 7. 0-0-0 Qc7 8. Bh6 a6 9. g4 b5 10. Bxg7 Kxg7 1/2-1/2

[Event "SRB Central-ch"]
[Site "Vrnjacka Banja"]
[Date "2008.11.11"]
[Round "5"]
[White "Karaklajic, Milutin"]
[Black "Dolovic, Dusko"]
[Result "1-0"]
[WhiteElo "2108"]
[BlackElo "2199"]
[PlyCount "109"]
[EventDate "2008.11.08"]
[EventType "swiss"]
[EventRounds "9"]
[EventCountry "YUG"]
[SourceTitle "EXT 2010"]
[Source "ChessBase"]
[SourceDate "2010.11.25"]
[SourceVersion "1"]
[SourceVersionDate "2010.11.25"]
[SourceQuality "1"]

1. e4 c5 2. Nf3 e6 3. d4 cxd4 4. Nxd4 Nf6 5. Bd3 Nc6 6. Nxc6 dxc6 7. 0-0 e5 8. h3 Bc5 9. Qe2 0-0 10. Nc3 b5 11. Be3 Bd4 12. Nd1 Be6 13. c3 Bb6 14. b3 Qd7 15. Bxb6 axb6 16. Ne3 g6 17. Rad1 Qe7 18. Ng4 Nxg4 19. hxg4 Kg7 20. Rd2 Qg5 21. f3 Rh8 22. Re1 h5 23. gxh5 Rxh5 24. Qe3 Qh4 25. Kf1 Qg3 26. Qf2 Qf4 27. Red1 Rh2 28. Ke1 g5 29. Bf1 g4 30. Qg1 Qg3+ 31. Qf2 Qf4 32. Qg1 Qg3+ 33. Qf2 Qf4 34. Qg1 Qg3+ 35. Qf2 Qf4 36. Qg1 Rh6 37. Qf2 Rah8 38. Rd3 Rh2 39. Qd2 Qg3+ 40. Qf2 Qf4 41. Qd2 gxf3 42. Qxf4 exf4 43. R1d2 fxg2 44. Bxg2 Bg4 45. Rf2 Re8 46. Kf1 f3 47. Bxf3 Bxf3 48. Rxh2 Bxe4 49. Rg3+ Kf6 50. Rf2+ Ke6 51. Rg7 Re7 52. Rf4 Bg6 53. Rg8 Ra7 54. Re8+ Kd5 55. Rd4+ 1-0

[Event "SRB-chT2 West"]
[Site "Serbia"]
[Date "2008.10.05"]
[Round "4.2"]
[White "Dolovic, Dusko"]
[Black "Cubrakovic, Velibor"]
[Result "1-0"]
[WhiteElo "2199"]
[BlackElo "2219"]
[PlyCount "36"]
[EventDate "2008.09.14"]
[EventType "team"]
[EventRounds "11"]
[EventCountry "SRB"]
[SourceTitle "EXT 2012"]
[Source "ChessBase"]
[SourceDate "2011.11.24"]
[SourceVersion "1"]
[SourceVersionDate "2011.11.24"]
[SourceQuality "1"]

1. Nf3 Nf6 2. d4 e6 3. c4 c5 4. Nc3 Qb6 5. e3 Na6 6. Be2 d6 7. 0-0 Bd7 8. b3 Be7 9. d5 0-0 10. dxe6 fxe6 11. e4 Qc7 12. Nb5 Qb8 13. e5 dxe5 14. Bb2 e4 15. Ng5 Bc6 16. Bg4 Nxg4 17. Qxg4 Bf6 18. Qxe6+ Kh8 1-0

[Event "SRB-chT2 West"]
[Site "Serbia"]
[Date "2006.10.26"]
[Round "7.3"]
[White "Marcetic, Predrag"]
[Black "Dolovic, Dusko"]
[Result "1-0"]
[WhiteElo "2208"]
[BlackElo "2207"]
[PlyCount "120"]
[EventDate "2006.09.09"]
[EventType "team"]
[EventRounds "11"]
[EventCountry "SRB"]
[SourceTitle "EXT 2012"]
[Source "ChessBase"]
[SourceDate "2011.11.24"]
[SourceVersion "1"]
[SourceVersionDate "2011.11.24"]
[SourceQuality "1"]

1. e4 c5 2. Nf3 e6 3. d4 cxd4 4. Nxd4 Nf6 5. Bd3 a6 6. 0-0 Qc7 7. c4 Nc6 8. Nxc6 dxc6 9. f4 g6 10. e5 Nh5 11. Nc3 Bd7 12. Ne4 Qb6+ 13. Kh1 Be7 14. Be2 Ng7 15. c5 Qd8 16. Be3 Nf5 17. Bf2 h5 18. Qb3 Rb8 19. Rad1 Qc7 20. Rd3 Kf8 21. Rfd1 Rd8 22. Nd6 Bc8 23. Bf3 Kg7 24. Be4 Rhg8 25. Be1 Nh6 26. Qa4 Qb8 27. Ba5 Rd7 28. Qb3 Bd8 29. Bxd8 Rdxd8 30. Qb6 Qa8 31. h3 Rd7 32. Nc4 Rd5 33. Bxd5 exd5 34. Nd6 Bf5 35. Rd4 Be6 36. Qxb7 Qxb7 37. Nxb7 Rb8 38. Na5 Rxb2 39. Nxc6 Rc2 40. Nb4 Rxc5 41. Nxd5 Nf5 42. R4d3 h4 43. Nf6 Rc4 44. Rf3 g5 45. fxg5 Kg6 46. Kg1 Kxg5 47. Ra3 Rc6 48. Ra4 Ne3 49. Re1 Nc4 50. Ne4+ Kf5 51. Nd6+ Nxd6 52. exd6 Rxd6 53. Rxh4 Bxa2 54. Ra4 Bb3 55. Rb4 Be6 56. Ra1 Kg6 57. Ra5 Bd7 58. h4 f5 59. Rc5 Bb5 60. Kf2 Rd3 1-0

[Event "YUG-chT"]
[Site "Herceg Novi"]
[Date "2001.05.??"]
[Round "8"]
[White "Dolovic, Dusko"]
[Black "Strikovic, Aleksa"]
[Result "1/2-1/2"]
[WhiteElo "2251"]
[BlackElo "2508"]
[PlyCount "112"]
[EventDate "2001.05.??"]
[EventType "team"]
[EventRounds "11"]
[EventCountry "YUG"]
[SourceTitle "CBM 082 Extra"]
[Source "ChessBase"]
[SourceDate "2001.07.03"]
[SourceVersion "1"]
[SourceVersionDate "2001.07.03"]
[SourceQuality "1"]

1. d4 d6 2. Nf3 g6 3. e4 Nf6 4. Bd3 Bg7 5. 0-0 0-0 6. c3 Nbd7 7. Bf4 Re8 8. Bc2 c6 9. Nbd2 e5 10. dxe5 Nxe5 11. h3 h6 12. Bxe5 dxe5 13. Nc4 Nd7 14. Qd2 Qf6 15. Nd6 Rd8 16. Nxc8 Raxc8 17. Rad1 Bf8 18. Qe3 a5 19. Nh2 h5 20. Nf3 Nc5 21. Qg5 Qxg5 22. Nxg5 Bh6 23. Nf3 f6 24. b4 axb4 25. cxb4 Na6 26. Bb3+ Kg7 27. a3 Nc7 28. a4 Na6 29. Be6 Ra8 30. Rxd8 Rxd8 31. Rb1 f5 32. exf5 Kf6 33. Bc4 e4 34. Bxa6 bxa6 35. Nh2 gxf5 36. Nf1 Rb8 37. Ne3 f4 38. Nc4 Bf8 39. Na5 Rxb4 40. Rxb4 Bxb4 41. Nxc6 Bc3 42. a5 Ke6 43. g4 fxg3 44. fxg3 Kd5 45. Nb8 Kc4 46. Nxa6 Bd4+ 47. Kf1 Kd3 48. Nb4+ Kc4 49. Nc6 Bc3 50. Ke2 Kc5 51. Nd8 Kb5 52. Ke3 Be1 53. Kxe4 Bxa5 54. Ne6 Be1 55. Ng7 Bxg3 56. Nxh5 Bh4 1/2-1/2